Statistics for 90 secs Countries of the World: sorted by Latitude of Northernmost Point

Click here to take the quiz!

General Stats

  • This quiz has been taken 8,041 times
  • The average score is 96 of 196

Answer Stats

Country% Correct
Russia - 81°51'N
99%
Canada - 83°06'N
97%
Poland - 54°50'N
94%
Norway - 80°49'N
93%
China - 53°34'N
86%
Netherlands - 53°32'N
85%
Ireland - 55°26'N
82%
Germany - 55°03'N
81%
Kazakhstan - 55°06'N
81%
Serbia - 46°11'N
81%
Belgium - 51°50'N
80%
Suriname - 06°01'N
80%
Brazil - 05°15'N
79%
Brunei - 05°04'N
79%
Democratic Republic of the Congo - 05°22'N
79%
Indonesia - 05°49'N
79%
Kenya - 05°35'N
79%
Bulgaria - 44°13'N
78%
Bolivia - 09°40'S
75%
Malta - 36°05'N
75%
Saudi Arabia - 32°14'N
75%
Australia - 09°16'S
73%
Malawi - 09°22'S
73%
East Timor - 08°19'S
72%
Argentina - 21°48'S
71%
Libya - 33°10'N
71%
Mexico - 32°43'N
71%
Sweden - 69°04'N
71%
Cyprus - 35°42'N
70%
India - 35°30'N
70%
Macedonia - 42°21'N
70%
South Africa - 22°20'S
70%
United States - 71°23'N
70%
Finland - 70°05'N
69%
Morocco - 35°55'N
69%
Iceland - 67°08'N
68%
Bosnia and Herzegovina - 45°43'N
67%
Georgia - 43°35'N
67%
Japan - 45°31'N
67%
Kosovo - 43°25'N
67%
Uzbekistan - 45°36'N
67%
Jordan - 33°22'N
66%
Monaco - 43°45'N
66%
Montenegro - 43°32'N
66%
Israel - 33°17'N
65%
Portugal - 42°07'N
65%
Lebanon - 34°43'N
64%
Niger - 23°31'N
64%
Turkey - 42°06'N
64%
Vatican City - 41°54'N
64%
Albania - 42°30'N
63%
Andorra - 42°39'N
63%
Azerbaijan - 41°53'N
63%
Czech Republic - 51°02'N
63%
France - 51°05'N
63%
Greece - 41°43'N
63%
Turkmenistan - 42°50'N
63%
Cuba - 23°16'N
62%
Switzerland - 47°48'N
62%
Ukraine - 52º22'N
62%
Vietnam - 23°22'N
62%
Luxembourg - 50°11'N
61%
Chad - 23°30'N
60%
Croatia - 46°33'N
60%
Italy - 47°05'N
60%
Slovenia - 46°52'N
60%
Algeria - 37°05'N
59%
Spain - 43º47'N
59%
San Marino - 43°59'N
58%
Tajikistan - 41°02'N
58%
United Kingdom - 60°51'N
58%
Iraq - 37°23'N
57%
Mongolia - 52º09'N
57%
Botswana - 17°46'S
56%
Egypt - 31°36'N
56%
Liechtenstein - 47°14'N
56%
Namibia - 16°56'S
56%
Armenia - 41°17'N
55%
Pakistan - 37°06'N
55%
Syria - 37°19'N
55%
Tunisia - 37°21'N
55%
Chile - 17°19'S
54%
Latvia - 58°05'N
54%
Swaziland - 25°44'S
54%
Laos - 22°29'N
52%
South Korea - 38°37'N
52%
Denmark - 57°45'N
51%
Lithuania - 56°27'N
51%
Paraguay - 19°33'S
51%
Iran - 39°47'N
50%
Saint Lucia - 14°07'N
50%
Barbados - 13°20'N
48%
Colombia - 13°23'N
48%
Nigeria - 13°50'N
48%
North Korea - 43°00'N
48%
Saint Vincent and the Grenadines - 13°22'N
48%
Belarus - 56°08'N
47%
Gambia - 13°49'N
47%
New Zealand - 29°13'S
47%
Nepal - 30°26'N
46%
Ecuador - 01°27'N
45%
Peru - 00°01'S
45%
Philippines - 21°07'N
44%
Afghanistan - 38°22'N
43%
Djibouti - 12°43'N
43%
Estonia - 59°48'N
43%
Nauru - 00°30'S
43%
Tanzania - 00°59'S
43%
Uruguay - 30°05'S
43%
Cambodia - 14°30'N
42%
El Salvador - 14°26'N
42%
Hungary - 48°35'N
42%
Marshall Islands - 14°32'N
42%
Moldova - 48°28'N
42%
Romania - 48°15'N
42%
Cameroon - 13°05'N
41%
Lesotho - 28°34'S
41%
Liberia - 08°33'N
41%
Mali - 25°00'N
41%
Somalia - 11°59'N
41%
Bahamas - 27°16'N
40%
Kyrgyzstan - 43°16'N
40%
Sudan - 22°12'N
40%
Austria - 49°01'N
39%
Bangladesh - 26°38'N
39%
Dominican Republic - 19°55'N
39%
Mauritania - 26°20'N
39%
Oman - 26°30'N
39%
Taiwan - 26°23'N
39%
Trinidad and Tobago - 11º21'N
39%
United Arab Emirates - 26°05'N
38%
Thailand - 20°27'N
37%
Burkina Faso - 15°05'N
36%
Ethiopia - 14°53'N
36%
Guinea - 12°41'N
36%
Guinea-Bissau - 12°41'N
36%
Nicaragua - 15°01'N
36%
Costa Rica - 11º13'N
35%
Ghana - 11°10'N
35%
Togo - 11°08'N
35%
Bahrain - 26°17'N
34%
Grenada - 12°31'N
34%
Venezuela - 15º40'N
34%
Fiji - 12°30'S
33%
Gabon - 02°19'N
33%
Kiribati - 02°03'N
33%
Sao Tome and Principe - 01°42'N
33%
Singapore - 01°28'N
33%
Sri Lanka - 09°30'N
33%
Vanuatu - 13°07'S
33%
Qatar - 26°09'N
32%
Benin - 12°25'N
31%
Madagascar - 12°08'S
31%
Palau - 08°10'N
31%
Panama - 09°38'N
31%
Senegal - 16°41'N
31%
Dominica - 15°38'N
30%
Federated States of Micronesia - 10°05'N
30%
Haiti - 20°04'N
30%
South Sudan - 12°14'N
30%
Antigua and Barbuda - 17°44'N
29%
Eritrea - 17°59'N
29%
Malaysia - 07°15'N
29%
Sierra Leone - 10°00'N
29%
Belize - 18°29'N
28%
Central African Republic - 11°01'N
28%
Cote d'Ivoire - 10°44'N
28%
Jamaica - 18°31'N
28%
Samoa - 13°25'S
28%
Guyana - 08°24'N
27%
Papua New Guinea - 01°15'S
27%
Slovakia - 49°36'N
27%
Guatemala - 17°15'N
26%
Honduras - 17°24′3
26%
Rwanda - 01°03'S
26%
Saint Kitts and Nevis - 17°26'N
26%
Yemen - 19°00'N
26%
Zimbabwe - 15°37'S
26%
Maldives - 07°07'N
25%
Mauritius - 10°25'S
25%
Mozambique - 10°27'S
25%
Cape Verde - 17°12'N
24%
Solomon Islands - 05°13'S
24%
Tonga - 15°36'S
23%
Comoros - 11°22'S
22%
Angola - 04°24'S
21%
Seychelles - 03°43'S
20%
Tuvalu - 05°39'S
20%
Zambia - 08°14'S
20%
Bhutan - 28°20'N
18%
Kuwait - 30°06'N
18%
Republic of the Congo - 03°43'N
17%
Uganda - 04°14'N
15%
Burma - 28°32'N
14%
Equatorial Guinea - 03°47'N
11%
Burundi - 02°18'S
10%

Score Distribution

Percentile by Number Answered

Percent of People with Each Score

Your Score History

You have not taken this quiz